Mehr Beschäftigung Schwerbehinderter durch mehr Zwang? Einige kritische Anwerkungen zur Diskussion über das Schwerbehindertengesetz
Salvato in:
| Autore principale: | |
|---|---|
| Natura: | Libro |
| Lingua: | tedesco |
| Pubblicazione: |
Kiel
Institut für Weltwirtschaft
1981
|
| Serie: | Arbeitspapier
Nr. 115 |
| Tags: |
Nessun Tag, puoi essere il primo ad aggiungerne!!
|
MARC
| LEADER | 00000nam a2200000 4500 | ||
|---|---|---|---|
| 001 | c112851 | ||
| 005 | 20181203150321.7 | ||
| 041 | 0 | |a ger | |
| 044 | |a DE | ||
| 245 | 1 | 0 | |a Mehr Beschäftigung Schwerbehinderter durch mehr Zwang? |b Einige kritische Anwerkungen zur Diskussion über das Schwerbehindertengesetz |c Rüdiger Soltwedel |
| 264 | 1 | |a Kiel |b Institut für Weltwirtschaft |c 1981 | |
| 300 | |a 22 s. | ||
| 490 | 1 | |a Arbeitspapier |v Nr. 115 | |
| 830 | 0 | |a Arbeitspapier |v Nr. 115 | |
| 100 | 1 | |a Soltwedel, Rüdiger | |